№ 3; Радиомир

Bibliographische Detailangaben
Parent link:Радиомир: научно-популярный журнал. № 3.— , 2001-
Sprache:Russisch
Veröffentlicht: 2013
Format: MixedMaterials Buch
KOHA link:https://koha.lib.tpu.ru/cgi-bin/koha/opac-detail.pl?biblionumber=505811

MARC

LEADER 00000nam2a2200000 4500
001 505811
005 20231101103104.0
035 |a (RuTPU)RU\TPU\prd\176650 
090 |a 505811 
100 |a 20130423a20139999m y0rusy50 ca 
101 0 |a rus 
102 |a RU 
200 0 |a № 3 
210 |d 2013 
461 1 |0 (RuTPU)RU\TPU\prd\1184  |t Радиомир  |o научно-популярный журнал  |v № 3  |d 2001- 
801 0 |a RU  |b 63413507  |c 20010227  |g PSBO 
801 1 |a RU  |b 63413507  |c 20130423 
801 2 |a RU  |b 63413507  |c 20210216  |g RCR 
942 |c BK 
999 |a НТБ_ТПУ  |b НФ  |e -1/20130109  |p П-9166  |s 5/20121010  |u 0,00  |v 1